5HLuxD.jpg

KING HENRY VIII SENIOR AND PRIMARY SCHOOL LIBRARY OPAC

Arty! : the greatest artist in the world / (Record no. 3109)

000 -LEADER
fixed length control field 01300nam a22002297a 4500
005 - DATE AND TIME OF LATEST TRANSACTION
control field 20231010080741.0
008 - FIXED-LENGTH DATA ELEMENTS--GENERAL INFORMATION
fixed length control field 231010b ||||| |||| 00| 0 eng d
020 ## - INTERNATIONAL STANDARD BOOK NUMBER
International Standard Book Number 9781843653950
040 ## - CATALOGING SOURCE
Transcribing agency KH8
082 ## - DEWEY DECIMAL CLASSIFICATION NUMBER
Classification number 870 BEE
100 ## - MAIN ENTRY--PERSONAL NAME
Personal name Bee, William
Relator term Author
245 ## - TITLE STATEMENT
Title Arty! : the greatest artist in the world /
Statement of responsibility, etc. William Bee
260 ## - PUBLICATION, DISTRIBUTION, ETC.
Place of publication, distribution, etc. London,
Name of publisher, distributor, etc. Pavilion,
Date of publication, distribution, etc. 2018
300 ## - PHYSICAL DESCRIPTION
Extent 1 volume (unpaged) :
Other physical details colour illustrations ;
Dimensions 29 cm
520 ## - SUMMARY, ETC.
Summary, etc. "Arty is a frog. But not just any frog. He's also the greatest artist in the world. But how did he become the greatest artist in the world? Well, he had to paint the highest painting in the world. And the wobbliest. The fastest. The wettest. The loudest. And don't forget the hairiest and scariest! Join Arty and his agent, Mr Grimaldi, as they get themselves into all sorts of strange situations - from balancing on a stepladder at the top of Mount Everest, being strapped on the wing of a supersonic plane, coming face to face with a very big gorilla, balancing on a tightrope and much much more."--Provided by publisher
521 ## - TARGET AUDIENCE NOTE
Target audience note <br/>Picture books for children
650 ## - SUBJECT ADDED ENTRY--TOPICAL TERM
Topical term or geographic name entry element Artists
650 ## - SUBJECT ADDED ENTRY--TOPICAL TERM
Topical term or geographic name entry element Artists Children's picture books
650 ## - SUBJECT ADDED ENTRY--TOPICAL TERM
Topical term or geographic name entry element Children's picture books
700 ## - ADDED ENTRY--PERSONAL NAME
Personal name Bee, William
Relator term Illustrator
942 ## - ADDED ENTRY ELEMENTS (KOHA)
Source of classification or shelving scheme
Koha item type Books - Fiction

No items available.

Powered By KH8 IT Dept